Zbierka príkladov z hutníckych pecí

Bibliographic Details
Main Authors: Repášová, Magdaléna, 1947-2020 (Author), Ochodnícka, Emília (Author)
Format: Book
Language:Slovak
PhysicalDescription:269 s., 14,60 AH Tb. Sch. 29 cm
Published: Bratislava S.l. Alfa VŠT v Košiciach [vyd.] 1985
Edition:1. vyd.
Series:Vysokoškolské učebné texty
Subjects:

MARC

LEADER 00000nam a2200000 a 4500
001 vtls001096405
003 SK-MaSNL
005 20260301062443.0
008 250414s1985 xo 0 slo
015 |a SNBA1985/12 
035 |a SNK000039247 
040 |a SNK  |b slo  |c SNK  |e AACR2 
041 0 |a slo 
044 |a xo  |c SK 
080 |a 669.162.2:662.61(075.8)(076.5)  |2 1981 
080 |a 662.61(075.8)(076.5)  |2 1981 
080 |a 662.61  |2 1981 
080 |a 669.162.2(075.8)(076.5)  |2 1981 
100 1 |a Repášová, Magdaléna,  |d 1947-2020  |4 aut  |9 10043 
245 1 0 |a Zbierka príkladov z hutníckych pecí  |c Magdaléna Repášová, Emília Ochodnícka 
250 |a 1. vyd. 
260 |a Bratislava  |b Alfa  |a S.l.  |b VŠT v Košiciach [vyd.]  |c 1985  |e Bratislava  |f Západoslovenské tlačiarne 
300 |a 269 s., 14,60 AH  |b Tb. Sch.  |c 29 cm 
366 |e 250 výtl. 
490 1 |a Vysokoškolské učebné texty 
504 |a Obsahuje bibliografiu 
655 7 |a učebnice vysokých škôl  |2 SNKPH  |9 70191 
700 1 |a Ochodnícka, Emília  |4 aut  |9 366733 
830 0 |a Vysokoškolské učebné texty  |9 276539 
852 |a Slovenská národná knižnica 
958 |a OND 
958 |a NB 
958 |a TL 
958 |a UV 
999 |c 620697  |d 622627 
952 |a SNK  |b SNK  |y PREZ  |7 0  |p 17A0805550  |o snkSB 39650   |0 0  |1 0  |4 0  |d 2012-04-18  |f 1  |l 0  |r 2025-04-24 00:00:00  |w 2026-02-23 
952 |t P60, <04>, [BOOK], {604}  |a SNK  |b SNK  |y VYP  |7 0  |p 17A0206029  |o snkSB 39650 D1  |0 0  |1 0  |4 0  |d 1999-08-13  |l 0  |r 2004-12-31 00:00:00  |w 2026-02-23